Statistiques concernant Filmographie - Hayao Miyazaki

Cliquez ici pour prendre le quiz!

Statistiques générales

  • Ce quiz a été pris 1 680 fois
  • Le résultat moyen est 7 sur 11

Statistiques - réponses

Réponse% Correct
2004Le Château ambulant
91%
1986Le Château dans le ciel
88%
2001Le Voyage de Chihiro
87%
1997Princesse Mononoké
85%
1988Mon voisin Totoro
79%
1989Kiki la petite sorcière
61%
2008Ponyo sur la falaise
61%
1992Porco Rosso
60%
2013Le vent se lève
58%
1984Nausicaä de la vallée du vent
56%
1979Le Château de Cagliostro
19%

Distribution des résultats

Percentile par nombre de réponses

% des personnes avec chaque résultat

Votre développement - résultats

Vous n’avez pas pris ce quiz